000 00277nam a22001217a 4500
020 _a9781474836050
040 _cNUST
082 _a741.018 ART
245 _aArt Therapy Colouring Book
260 _aBATH:
_bParragon Books,
_c2016.
650 _aArt Therapy
942 _2ddc
_cBK
999 _c593616
_d593616